000 01250nam0a22003251 4500
001 RU\INFOCOMM_322\NLR\5000254794
005 20250614080335.0
010 _a5-7300-0001-4
035 _a(NLR Aleph) 010598876
090 _a10529849
_c10529849
100 _a20130322d1989 |||y0rusy50 ca
101 1 _aeng
_crus
102 _aRU
105 _ay z||||
200 1 _aVictor Popkov
_e[An album
_fIntrod. art. a. biogr. outline by Vitaly Manin
_gComp. by Vasily Kisunko a. Maria Chegodayeva
_gTransl. from the Russ. by John Crowfoot]
210 _aL.
_cAurora
_d1989
215 _a35, [44] с.
_cил., цв. ил., портр.
_d20 см
225 1 _aContemporary Sov. artists
300 _aВ вып. дан.: Виктор Попков: Альбом
600 1 _aПопков
_bВ. Е.
_f1932-1974
_gВиктор Ефимович
_2nlr_sh1
620 _aСанкт-Петербург
686 _aЩ143(2Р=Р)7-8Попков
_2rubbk
700 1 _aPopkov
_bV. E.
_f1932-1974
_gViktor Efimovič
702 1 _9z02790
_aKisun'ko
_bV. G.
_gVasilij Grigor'evič
_4220
790 1 _9z02702
_aKisunko
_bV.
_gVasily
_4220
801 1 _aRU
_bInfocomm
_c20130322
801 0 _aRU
_bINFOCOMM
_gPSBO
852 _aNLR
_jЭ АлИс590/2-П576
942 _cBOOK
980 _aNB